| 000 | 00896nam a2200241 a 4500 | ||
|---|---|---|---|
| 001 | BRCA_1571 | ||
| 005 | 20190320203456.0 | ||
| 008 | 010528s1991 sp-a---##b---#000-0bspa-# | ||
| 020 | _a8450598052 | ||
| 040 |
_aCU-SB _cCU-SB |
||
| 050 | 4 |
_aND1312 _b.I36 1991 |
|
| 245 | 1 | 0 |
_aIgnacio Zuloaga _b1870-1945. |
| 260 |
_a[Dallas] _bGobierno Vasco, Meadows Museum _c[1991] |
||
| 300 |
_a308 p. _bil. (algunas a color) _c29 cm. |
||
| 500 | _aCatálogo de la exposición realizada en el Museo de Bellas Artes de Bilbao (España), 1990 | ||
| 500 | _aIncluye cronología y catálogo de obra | ||
| 504 | _aBibliografía : p. 281-308 | ||
| 546 | _aTexto en : vasco e inglés | ||
| 600 | 1 | 4 |
_aZuloaga, Ignacio _d1870-1945 _vExposiciones _95021 |
| 650 | 1 | 4 |
_aPintores de retratos _vCatálogos _ySiglos XIX y XX _zEspaña _95022 |
| 650 | 1 | 4 |
_aPintura de retratos _ySiglos XIX y XX _zEspaña _95023 |
| 942 |
_2lcc _cB |
||
| 999 |
_c1405 _d1405 |
||